[Event "Monarch Assurance Isle of Man 13th"]
[Site "Port Erin IOM"]
[Date "2004.09.28"]
[Round "4.2"]
[White "Baklan, Vladimir"]
[Black "Chandler, Murray"]
[Result "1/2-1/2"]
[WhiteElo "2595"]
[BlackElo "2531"]
[PlyCount "33"]
[EventDate "2004.09.25"]
[EventType "swiss"]
[EventRounds "9"]
[EventCountry "IOM"]
[SourceTitle "BritBase"]
[SourceDate "2008.07.14"]
[SourceVersion "1"]
[SourceVersionDate "2008.07.14"]
[SourceQuality "2"]

1. e4 c6 2. d4 d5 3. e5 Bf5 4. Nf3 e6 5. Be2 Ne7 6. O-O h6 7. b3 c5 8. c4 dxc4
9. bxc4 Nbc6 10. dxc5 Qxd1 11. Rxd1 Ng6 12. Be3 Rc8 13. Nbd2 Ngxe5 14. Nxe5
Nxe5 15. Nb3 Be7 16. h3 Nd7 17. Bf3 1/2-1/2

[Event "Monarch Assurance Isle of Man 13th"]
[Site "Port Erin IOM"]
[Date "2004.09.28"]
[Round "4.9"]
[White "Pert, Richard"]
[Black "Volkov, Sergey1"]
[Result "0-1"]
[WhiteElo "2407"]
[BlackElo "2625"]
[PlyCount "66"]
[EventDate "2004.09.25"]
[EventType "swiss"]
[EventRounds "9"]
[EventCountry "IOM"]
[SourceTitle "BritBase"]
[SourceDate "2008.07.14"]
[SourceVersion "1"]
[SourceVersionDate "2008.07.14"]
[SourceQuality "2"]

1. d4 Nf6 2. c4 c6 3. Nc3 d5 4. cxd5 cxd5 5. Bf4 Nc6 6. e3 a6 7. Bd3 Bg4 8.
Nge2 e6 9. Qb3 Nb4 10. Bb1 Be7 11. Ng3 O-O 12. Bg5 Nh5 13. Bxe7 Qxe7 14. a3 Nc6
15. Qc2 g6 16. Nxh5 Bxh5 17. O-O Rac8 18. Qd2 Rfd8 19. Ba2 g5 20. Na4 Bg6 21.
Nb6 Rc7 22. Rac1 Qd6 23. Qc3 Re8 24. Qc5 Qd8 25. Rc3 Ree7 26. Rfc1 Kg7 27. Na4
b5 28. Qb6 bxa4 29. b4 Ne5 30. Rxc7 Nc4 31. Rxe7 Qxb6 32. Bxc4 Qc6 33. Rc3 g4
0-1

[Event "Monarch Assurance Isle of Man 13th"]
[Site "Port Erin IOM"]
[Date "2004.09.28"]
[Round "4.11"]
[White "Gottschlich, Carsten"]
[Black "Zhang Zhong"]
[Result "0-1"]
[WhiteElo "2382"]
[BlackElo "2603"]
[PlyCount "120"]
[EventDate "2004.09.25"]
[EventType "swiss"]
[EventRounds "9"]
[EventCountry "IOM"]
[SourceTitle "BritBase"]
[SourceDate "2008.07.14"]
[SourceVersion "1"]
[SourceVersionDate "2008.07.14"]
[SourceQuality "2"]

1. d4 Nf6 2. c4 e6 3. Nc3 Bb4 4. Qc2 c5 5. dxc5 Bxc5 6. Nf3 Qb6 7. e3 Qc7 8. b3
b6 9. Bb2 a6 10. Be2 Bb7 11. O-O Be7 12. Rfd1 d6 13. Rac1 Nbd7 14. Nd4 O-O 15.
Bf3 Rac8 16. Qe2 Rfd8 17. Bxb7 Qxb7 18. Qf3 Qc7 19. Kh1 Re8 20. Rd2 Nc5 21. Qd1
Qb8 22. f3 Red8 23. e4 Nh5 24. Rcc2 Bg5 25. Rf2 Nf4 26. Rf1 Nfd3 27. Ba3 Be3
28. Bxc5 dxc5 29. Qxd3 Bxd4 30. Qe2 Rd7 31. Rd1 Rcd8 32. Rcd2 Qc7 33. Nb1 h5
34. g3 h4 35. Kg2 Qe5 36. Rd3 Qh5 37. Na3 Rd6 38. Nc2 hxg3 39. hxg3 e5 40. g4
Qh4 41. Rh1 Qe7 42. a4 R8d7 43. Rdd1 Qf6 44. Rh5 g6 45. Rhh1 Qd8 46. Rh3 b5 47.
axb5 axb5 48. Rhh1 bxc4 49. bxc4 Rb6 50. Rd2 Rb3 51. Rhd1 Rc3 52. Rb1 Kg7 53.
Rbd1 Qg5 54. Rb1 Rd8 55. Rbd1 Qf4 56. Rh1 Rb8 57. Ne1 Re3 58. Qd1 Rbb3 59. Nd3
Rexd3 60. Rxd3 Rb2+ 0-1

[Event "Monarch Assurance Isle of Man 13th"]
[Site "Port Erin IOM"]
[Date "2004.09.28"]
[Round "4.12"]
[White "Agrest, Evgenij"]
[Black "Williams, Simon K"]
[Result "0-1"]
[WhiteElo "2602"]
[BlackElo "2427"]
[PlyCount "72"]
[EventDate "2004.09.25"]
[EventType "swiss"]
[EventRounds "9"]
[EventCountry "IOM"]
[SourceTitle "BritBase"]
[SourceDate "2008.07.14"]
[SourceVersion "1"]
[SourceVersionDate "2008.07.14"]
[SourceQuality "2"]

1. d4 e6 2. c4 f5 3. Nc3 Nf6 4. Qc2 Bb4 5. e3 b6 6. Bd3 Bb7 7. f3 c5 8. a3
Bxc3+ 9. Qxc3 Nh5 10. Nh3 Qh4+ 11. Nf2 d6 12. dxc5 bxc5 13. b4 Nd7 14. Be2 O-O
15. O-O Rf6 16. Nh3 Rg6 17. Nf4 Rh6 18. Nh3 Rg6 19. Nf4 Nxf4 20. exf4 Rh6 21.
h3 Rg6 22. Kh1 Qg3 23. Rg1 Rh6 24. Rd1 Nf6 25. Qe1 Rxh3+ 26. gxh3 Qxh3+ 27. Kg1
Ng4 28. Qf2 Nxf2 29. Kxf2 e5 30. Rg1 Qh4+ 31. Kf1 g6 32. fxe5 Qh3+ 33. Kf2 Qh2+
34. Rg2 Qxe5 35. Ra2 Re8 36. Rc2 Bxf3 0-1

[Event "Monarch Assurance Isle of Man 13th"]
[Site "Port Erin IOM"]
[Date "2004.09.28"]
[Round "4.13"]
[White "Rogers, Ian"]
[Black "Peek, Marcel"]
[Result "1/2-1/2"]
[WhiteElo "2588"]
[BlackElo "2406"]
[PlyCount "51"]
[EventDate "2004.09.25"]
[EventType "swiss"]
[EventRounds "9"]
[EventCountry "IOM"]
[SourceTitle "BritBase"]
[SourceDate "2008.07.14"]
[SourceVersion "1"]
[SourceVersionDate "2008.07.14"]
[SourceQuality "2"]

1. e4 e6 2. d4 d5 3. Nc3 Bb4 4. e5 c5 5. a3 Ba5 6. b4 cxd4 7. Qg4 Ne7 8. bxa5
dxc3 9. Qxg7 Rg8 10. Qxh7 Nbc6 11. Nf3 Qc7 12. Bf4 Bd7 13. Bd3 O-O-O 14. Bg3
Qxa5 15. O-O Rh8 16. Qxf7 Rdf8 17. Qg7 Rhg8 18. Qh6 Rxf3 19. gxf3 Nd4 20. Qf4
Nef5 21. Rfb1 a6 22. Rb4 Qc5 23. Rab1 b5 24. Rxd4 Qxd4 25. Qxd4 Nxd4 26. Kg2
1/2-1/2

[Event "Monarch Assurance Isle of Man 13th"]
[Site "Port Erin IOM"]
[Date "2004.09.28"]
[Round "4.17"]
[White "Pavlovic, Milos"]
[Black "Cox, John"]
[Result "1-0"]
[WhiteElo "2498"]
[BlackElo "2314"]
[PlyCount "111"]
[EventDate "2004.09.25"]
[EventType "swiss"]
[EventRounds "9"]
[EventCountry "IOM"]
[SourceTitle "BritBase"]
[SourceDate "2008.07.14"]
[SourceVersion "1"]
[SourceVersionDate "2008.07.14"]
[SourceQuality "2"]

1. Nf3 Nf6 2. g3 d5 3. Bg2 c6 4. O-O Bg4 5. d4 Nbd7 6. Nbd2 e6 7. Re1 Be7 8. e4
dxe4 9. Nxe4 O-O 10. c3 Qb6 11. Qb3 Nxe4 12. Rxe4 Qxb3 13. axb3 Nf6 14. Re1 a6
15. Ne5 Bf5 16. Nc4 Rad8 17. Na5 Rd7 18. b4 Nd5 19. Nb3 Re8 20. Bd2 h6 21. h3
g5 22. Nc5 Bxc5 23. bxc5 e5 24. f4 gxf4 25. g4 Bd3 26. Bxd5 cxd5 27. Bxf4 e4
28. Rad1 Re6 29. Rd2 Kh7 30. Re3 Rg6 31. Kh2 f6 32. Rf2 Rf7 33. Rg3 Rfg7 34.
Be3 Bc4 35. Rf5 Re7 36. Rg2 Re6 37. b3 Bxb3 38. Rb2 Bc4 39. Rxb7+ Rg7 40. Rb6
Rxb6 41. cxb6 Kg6 42. Rh5 Rb7 43. Rxh6+ Kg7 44. g5 Rxb6 45. h4 Rb2+ 46. Kg3
fxg5 47. hxg5 Bf1 48. Rd6 Rc2 49. Rxd5 Rxc3 50. Kf4 Rc7 51. Rd6 Bb5 52. d5 Re7
53. g6 Be8 54. Bd4+ Kh6 55. g7+ Kh7 56. Rh6+ 1-0

[Event "Monarch Assurance Isle of Man 13th"]
[Site "Port Erin IOM"]
[Date "2004.09.28"]
[Round "4.18"]
[White "Holzke, Frank"]
[Black "Greet, Andrew"]
[Result "0-1"]
[WhiteElo "2492"]
[BlackElo "2310"]
[PlyCount "70"]
[EventDate "2004.09.25"]
[EventType "swiss"]
[EventRounds "9"]
[EventCountry "IOM"]
[SourceTitle "BritBase"]
[SourceDate "2008.07.14"]
[SourceVersion "1"]
[SourceVersionDate "2008.07.14"]
[SourceQuality "2"]

1. e4 c5 2. Nf3 Nc6 3. d4 cxd4 4. Nxd4 g6 5. c4 Bg7 6. Be3 Nf6 7. Nc3 O-O 8.
Be2 d6 9. O-O Bd7 10. Qd2 Nxd4 11. Bxd4 Bc6 12. f3 a5 13. b3 Nd7 14. Be3 Nc5
15. Rab1 Qb6 16. Rfc1 Rfc8 17. a3 Nxb3 18. Bxb6 Nxd2 19. Rb2 Nxc4 20. Bxc4 Bd7
21. Nd1 Bxb2 22. Nxb2 Be6 23. Be3 Bxc4 24. Nxc4 Ra6 25. Nb2 Rxc1+ 26. Bxc1 Rc6
27. Bh6 f6 28. a4 Rc2 29. Nd1 Rc4 30. Nb2 Rb4 31. Bc1 b5 32. axb5 a4 33. Kf2 a3
34. Nd3 Rb3 35. Bxa3 Rxd3 0-1

[Event "Monarch Assurance Isle of Man 13th"]
[Site "Port Erin IOM"]
[Date "2004.09.28"]
[Round "4.20"]
[White "Ramesh, R.B."]
[Black "Bigg, Andrew J"]
[Result "1-0"]
[WhiteElo "2484"]
[BlackElo "2275"]
[PlyCount "45"]
[EventDate "2004.09.25"]
[EventType "swiss"]
[EventRounds "9"]
[EventCountry "IOM"]
[SourceTitle "BritBase"]
[SourceDate "2008.07.14"]
[SourceVersion "1"]
[SourceVersionDate "2008.07.14"]
[SourceQuality "2"]

1. e4 e6 2. d4 d5 3. Nd2 Nf6 4. e5 Nfd7 5. c3 c5 6. Bd3 Nc6 7. Ngf3 Be7 8. O-O
g5 9. dxc5 Ndxe5 10. Nxe5 Nxe5 11. Nb3 Bd7 12. f4 Nxd3 13. Qxd3 h6 14. Be3 Qc7
15. Bd4 O-O-O 16. Be5 Bxc5+ 17. Nxc5 Qxc5+ 18. Bd4 Bb5 19. Qe3 Qc6 20. Bxh8
Bxf1 21. Bf6 Ba6 22. Bxd8 Kxd8 23. fxg5 1-0

[Event "Monarch Assurance Isle of Man 13th"]
[Site "Port Erin IOM"]
[Date "2004.09.28"]
[Round "4.23"]
[White "Kolbus, Dietmar"]
[Black "Schneider, Dmitry"]
[Result "0-1"]
[WhiteElo "2303"]
[BlackElo "2454"]
[PlyCount "102"]
[EventDate "2004.09.25"]
[EventType "swiss"]
[EventRounds "9"]
[EventCountry "IOM"]
[SourceTitle "BritBase"]
[SourceDate "2008.07.14"]
[SourceVersion "1"]
[SourceVersionDate "2008.07.14"]
[SourceQuality "2"]

1. d4 d5 2. c4 e6 3. Nf3 c6 4. Qc2 Nf6 5. g3 dxc4 6. Qxc4 b5 7. Qc2 Bb7 8. Bg2
Nbd7 9. O-O c5 10. Nc3 a6 11. Bg5 c4 12. a3 h6 13. Bxf6 Nxf6 14. Rad1 Qc7 15.
Ne5 Bxg2 16. Kxg2 Bd6 17. Nf3 Be7 18. e4 Rd8 19. d5 e5 20. Nh4 g6 21. Kh1 h5
22. f3 Kf8 23. Qe2 Ne8 24. Ng2 h4 25. g4 h3 26. Ne3 Bg5 27. Nc2 Be7 28. Nb4
Bxb4 29. axb4 Qd6 30. Ra1 Nc7 31. Na2 Ra8 32. Qe1 Kg7 33. Qc3 f6 34. b3 cxb3
35. Qxb3 Rhc8 36. Nc1 Ne6 37. Ne2 Nd4 38. Nxd4 exd4 39. Rac1 Rxc1 40. Rxc1 Qf4
41. Qd1 a5 42. Ra1 a4 43. Qf1 Rc8 44. Qxh3 Rc1+ 45. Rxc1 Qxc1+ 46. Kg2 a3 47.
Qg3 a2 48. Qd6 a1=Q 49. Qe7+ Kh6 50. Qf8+ Kg5 51. h4+ Kf4 0-1

[Event "Monarch Assurance Isle of Man 13th"]
[Site "Port Erin IOM"]
[Date "2004.09.28"]
[Round "4.25"]
[White "Arakhamia-Grant, Ketevan"]
[Black "Walton, Alan J"]
[Result "1-0"]
[WhiteElo "2446"]
[BlackElo "2208"]
[PlyCount "79"]
[EventDate "2004.09.25"]
[EventType "swiss"]
[EventRounds "9"]
[EventCountry "IOM"]
[SourceTitle "BritBase"]
[SourceDate "2008.07.14"]
[SourceVersion "1"]
[SourceVersionDate "2008.07.14"]
[SourceQuality "2"]

1. e4 e6 2. d4 d5 3. Nc3 Nf6 4. Bg5 Be7 5. e5 Nfd7 6. h4 c5 7. Bxe7 Kxe7 8. f4
Qb6 9. Na4 Qc6 10. Nxc5 Nxc5 11. dxc5 Qxc5 12. Qd2 Nc6 13. Nf3 Bd7 14. O-O-O
Rac8 15. Kb1 b5 16. Bd3 h6 17. g4 Kd8 18. f5 Kc7 19. Qf4 Kb7 20. Rhf1 Rcf8 21.
h5 a6 22. Rde1 Qb6 23. Nd2 a5 24. a3 b4 25. a4 Re8 26. Bb5 exf5 27. gxf5 Nb8
28. Bxd7 Nxd7 29. Qf3 Qc6 30. Nb3 Ka6 31. Qg3 Rc8 32. Rf2 Rhg8 33. e6 Nb6 34.
exf7 Rgf8 35. Re6 Qc7 36. Qxg7 Rxf7 37. Qxh6 Ka7 38. Qe3 Rg7 39. Re2 Rg3 40.
Qd4 1-0

[Event "Monarch Assurance Isle of Man 13th"]
[Site "Port Erin IOM"]
[Date "2004.09.28"]
[Round "4.27"]
[White "Murtagh, Dermot"]
[Black "Gordon, Stephen"]
[Result "0-1"]
[WhiteElo "1889"]
[BlackElo "2338"]
[PlyCount "80"]
[EventDate "2004.09.25"]
[EventType "swiss"]
[EventRounds "9"]
[EventCountry "IOM"]
[SourceTitle "BritBase"]
[SourceDate "2008.07.14"]
[SourceVersion "1"]
[SourceVersionDate "2008.07.14"]
[SourceQuality "2"]

1. e4 c5 2. Nf3 a6 3. c4 Nc6 4. d4 cxd4 5. Nxd4 e6 6. Nxc6 bxc6 7. Nc3 e5 8.
Be2 Nf6 9. a3 Bc5 10. O-O O-O 11. Qd3 d6 12. Be3 Bxe3 13. Qxe3 Be6 14. Rfd1 Qc7
15. Rac1 a5 16. Nd5 Bxd5 17. cxd5 c5 18. b4 axb4 19. axb4 Ra4 20. Qb3 Qa7 21.
bxc5 Nxe4 22. Bb5 Ra3 23. Qc2 Nxc5 24. Qf5 Rb8 25. Bc6 g6 26. Qg4 h5 27. Qe2
Ra2 28. Rc2 Ra1 29. Rcc1 Rxc1 30. Rxc1 Qa3 31. Qf1 Rb2 32. Ra1 Qb4 33. g3 Kg7
34. Qe1 Qxe1+ 35. Rxe1 Nd3 36. Rf1 e4 37. Rd1 Nxf2 38. Rf1 Nh3+ 39. Kh1 Ng5 40.
Be8 Nf3 0-1

[Event "Monarch Assurance Isle of Man 13th"]
[Site "Port Erin IOM"]
[Date "2004.09.28"]
[Round "4.28"]
[White "Plant, Paul R"]
[Black "Afek, Yochanan"]
[Result "1/2-1/2"]
[WhiteElo "2107"]
[BlackElo "2325"]
[PlyCount "91"]
[EventDate "2004.09.25"]
[EventType "swiss"]
[EventRounds "9"]
[EventCountry "IOM"]
[SourceTitle "BritBase"]
[SourceDate "2008.07.14"]
[SourceVersion "1"]
[SourceVersionDate "2008.07.14"]
[SourceQuality "2"]

1. d4 Nf6 2. Nf3 g6 3. g3 Bg7 4. Bg2 O-O 5. O-O d6 6. c4 Nc6 7. Nc3 Rb8 8. h3
Bd7 9. d5 Na5 10. Qd3 c5 11. Nd2 a6 12. a4 e6 13. e4 exd5 14. cxd5 b5 15. f4 c4
16. Qe2 b4 17. Nd1 Nh5 18. Kh2 c3 19. Nf3 Nb3 20. Rb1 Bxa4 21. bxc3 bxc3 22.
Qa2 Nc5 23. Rxb8 Qxb8 24. g4 Nf6 25. Nxc3 Nxg4+ 26. hxg4 Bxc3 27. Nd2 Bb5 28.
Rf3 Bxd2 29. Qxd2 Nxe4 30. Qd4 Nc5 31. Bb2 f6 32. g5 Bd7 33. gxf6 {(=)} Rf7 34.
Re3 Qf8 35. Re7 a5 36. Qe3 a4 37. Bh3 Bxh3 38. Re8 Bf5 39. Rxf8+ Kxf8 40. Ba3
Rxf6 41. Bxc5 dxc5 42. Qxc5+ Kg8 43. Qe7 Rf7 44. Qe8+ Kg7 45. Qxa4 Rd7 46. Qd4+
1/2-1/2

[Event "Monarch Assurance Isle of Man 13th"]
[Site "Port Erin IOM"]
[Date "2004.09.28"]
[Round "4.29"]
[White "Bannink, Bernard"]
[Black "Goodger, Martyn"]
[Result "1-0"]
[WhiteElo "2280"]
[BlackElo "2136"]
[PlyCount "65"]
[EventDate "2004.09.25"]
[EventType "swiss"]
[EventRounds "9"]
[EventCountry "IOM"]
[SourceTitle "BritBase"]
[SourceDate "2008.07.14"]
[SourceVersion "1"]
[SourceVersionDate "2008.07.14"]
[SourceQuality "2"]

1. e4 d5 2. exd5 Nf6 3. d4 Nxd5 4. Bd3 g6 5. Ne2 Bg7 6. O-O O-O 7. c3 Nc6 8.
Be4 e6 9. Nd2 Nce7 10. Nf3 Nf6 11. Bc2 b6 12. Re1 Bb7 13. Nf4 Ned5 14. Nxd5
Bxd5 15. Bf4 Rc8 16. Bd3 Bb7 17. Qe2 Qd5 18. Be5 c5 19. Bc4 Qc6 20. Bb5 Qd5 21.
c4 Qe4 22. dxc5 Qxe2 23. Rxe2 Bxf3 24. gxf3 Rxc5 25. Rd1 Ne8 26. f4 Bxe5 27.
fxe5 Rc7 28. Red2 Ng7 29. Rd7 Ne8 30. f4 f6 31. Rd8 Kf7 32. R1d7+ Kg8 33. Rxe8
1-0

[Event "Monarch Assurance Isle of Man 13th"]
[Site "Port Erin IOM"]
[Date "2004.09.28"]
[Round "4.30"]
[White "Rendle, Thomas"]
[Black "Truman, Richard G"]
[Result "1-0"]
[WhiteElo "2258"]
[BlackElo "2023"]
[PlyCount "63"]
[EventDate "2004.09.25"]
[EventType "swiss"]
[EventRounds "9"]
[EventCountry "IOM"]
[SourceTitle "BritBase"]
[SourceDate "2008.07.14"]
[SourceVersion "1"]
[SourceVersionDate "2008.07.14"]
[SourceQuality "2"]

1. e4 c5 2. Nf3 d6 3. c3 Nf6 4. Be2 Nc6 5. d4 cxd4 6. cxd4 d5 7. e5 Ne4 8. Nc3
Bg4 9. Qb3 Nxc3 10. bxc3 Qd7 11. Ba3 g6 12. h3 Bxf3 13. Bxf3 e6 14. Bxf8 Kxf8
15. Rb1 Rb8 16. O-O Kg7 17. Qb5 Qc7 18. Bg4 Na5 19. Rbd1 Nc4 20. Rd3 h5 21. Be2
h4 22. Qb1 Qe7 23. Qc1 Rbc8 24. Rf3 Rh5 25. g4 hxg3 26. fxg3 Rf5 27. Bd3 Rxf3
28. Rxf3 Rh8 29. h4 Rh5 30. Rf6 b5 31. g4 Rh6 32. h5 1-0

[Event "Monarch Assurance Isle of Man 13th"]
[Site "Port Erin IOM"]
[Date "2004.09.28"]
[Round "4.32"]
[White "Van Kemenade, Rudy"]
[Black "Mannion, Stephen"]
[Result "0-1"]
[WhiteElo "2107"]
[BlackElo "2333"]
[PlyCount "132"]
[EventDate "2004.09.25"]
[EventType "swiss"]
[EventRounds "9"]
[EventCountry "IOM"]
[SourceTitle "BritBase"]
[SourceDate "2008.07.14"]
[SourceVersion "1"]
[SourceVersionDate "2008.07.14"]
[SourceQuality "2"]

1. e4 e5 2. Bc4 Nf6 3. d3 c6 4. Nf3 Be7 5. O-O d6 6. Re1 O-O 7. Nbd2 Nbd7 8. a3
Qc7 9. Nf1 Re8 10. h3 Bf8 11. Ng3 g6 12. Bg5 h6 13. Bd2 Nc5 14. Qc1 Kh7 15. b4
Ne6 16. c3 b5 17. Bb3 Bb7 18. d4 Rac8 19. Qb1 Bg7 20. Ra2 Re7 21. Bc2 Nd7 22.
Nf5 Ree8 23. Nxg7 Kxg7 24. Qc1 Rh8 25. dxe5 dxe5 26. Be3 c5 27. Qd2 Nb6 28. Bb3
c4 29. Bc2 Rcd8 30. Qc1 f6 31. Nh2 Bc6 32. g3 Qb7 33. f4 exf4 34. gxf4 Na4 35.
Bb1 Rhe8 36. Rg2 Bxe4 37. Bxe4 Qxe4 38. Bb6 Qxe1+ 39. Qxe1 Nxf4 40. Be3 Nxg2
41. Kxg2 Rd3 42. Bxh6+ Kf7 43. Qf2 Nxc3 44. Qxa7+ Re7 45. Qb8 Re2+ 46. Kg1 Rd1+
47. Nf1 Ree1 48. Qf8+ Ke6 49. Qe8+ Kf5 50. Qc8+ Ke4 51. Qg4+ Kd3 52. Qxg6+ Ne4
53. Qf5 Rxf1+ 54. Qxf1+ Rxf1+ 55. Kxf1 Nd2+ 56. Ke1 c3 57. Kd1 Nb3 58. h4 c2+
59. Ke1 Ke4 60. h5 Kf5 61. Bc1 Nxc1 62. Kd2 Nd3 63. Kxc2 Nxb4+ 64. axb4 Kg5 65.
Kd3 Kxh5 66. Kd4 f5 0-1

[Event "Monarch Assurance Isle of Man 13th"]
[Site "Port Erin IOM"]
[Date "2004.09.28"]
[Round "4.33"]
[White "Noordhoek, Henk"]
[Black "Ashton, Adam"]
[Result "1/2-1/2"]
[WhiteElo "2095"]
[BlackElo "2270"]
[PlyCount "154"]
[EventDate "2004.09.25"]
[EventType "swiss"]
[EventRounds "9"]
[EventCountry "IOM"]
[SourceTitle "BritBase"]
[SourceDate "2008.07.14"]
[SourceVersion "1"]
[SourceVersionDate "2008.07.14"]
[SourceQuality "2"]

1. Nf3 Nf6 2. g3 d5 3. Bg2 c6 4. O-O Bg4 5. d4 Nbd7 6. Re1 e6 7. c3 Bd6 8. b3
Qe7 9. Nbd2 O-O 10. e4 dxe4 11. Nxe4 Nxe4 12. Rxe4 Nf6 13. Bg5 Bf5 14. Re1 h6
15. Bd2 Rfd8 16. Ne5 Nd7 17. Nc4 Bc7 18. Qf3 Qf6 19. Bf4 Bxf4 20. Qxf4 Bd3 21.
Qxf6 Nxf6 22. Ne5 Bf5 23. Nc4 Rac8 24. Rac1 Kf8 25. f4 Rc7 26. h3 h5 27. Kf2 b6
28. Rcd1 Nd5 29. Rc1 Nf6 30. Re5 Bd3 31. Nb2 Bg6 32. Bf3 Bf5 33. Kg2 c5 34.
dxc5 Rxc5 35. Re2 Rc7 36. Nc4 Rcd7 37. Ne5 Rd2 38. Rce1 Be4 39. c4 Bxf3+ 40.
Kxf3 R8d6 41. a3 Nd7 42. Nxd7+ Rxd7 43. Rxd2 Rxd2 44. Re3 Ra2 45. a4 Rb2 46.
Ke4 {(=)} Ke7 47. Kd4 Kd6 48. Rd3 Kc6 49. h4 a5 50. Kc3 Rg2 51. Kd4 Rg1 52. Re3
Rb1 53. Kc3 Rd1 54. Re5 Rc1+ 55. Kd4 Rd1+ 56. Kc3 Rg1 57. Re3 Kc5 58. Re5+ Kd6
59. Re3 f6 60. Kd4 Rg2 61. Rd3 Rg1 62. Ke3+ Kc5 63. Kf3 Rb1 64. Kg2 Rb2+ 65.
Kh3 Kb4 66. Rd6 Rxb3 67. Rxb6+ Kxc4 68. Rxe6 Rb4 69. Re7 Rxa4 70. Rxg7 Rb4 71.
Ra7 a4 72. g4 Rb3+ 73. Kg2 hxg4 74. Rxa4+ Kd5 75. f5 Ke5 76. Rxg4 Kxf5 77. Ra4
Rb2+ 1/2-1/2

[Event "Monarch Assurance Isle of Man 13th"]
[Site "Port Erin IOM"]
[Date "2004.09.28"]
[Round "4.35"]
[White "Allen, Keith"]
[Black "Pimmingstorfer, Christian"]
[Result "1/2-1/2"]
[WhiteElo "2241"]
[BlackElo "2116"]
[PlyCount "95"]
[EventDate "2004.09.25"]
[EventType "swiss"]
[EventRounds "9"]
[EventCountry "IOM"]
[SourceTitle "BritBase"]
[SourceDate "2008.07.14"]
[SourceVersion "1"]
[SourceVersionDate "2008.07.14"]
[SourceQuality "2"]

1. d4 d5 2. c4 dxc4 3. Nf3 Nf6 4. e3 Bg4 5. Bxc4 e6 6. Nc3 a6 7. h3 Bh5 8. O-O
Nc6 9. Be2 Bd6 10. Kh1 O-O 11. e4 Bb4 12. e5 Nd5 13. Ne4 Be7 14. Be3 Qd7 15.
Rc1 Rfd8 16. a3 Nb6 17. Nc5 Bxc5 18. Rxc5 h6 19. b4 Qe7 20. Qb3 Qd7 21. Rfc1
Nd5 22. Qb2 Nce7 23. Qd2 Rf8 24. g4 Bg6 25. Nh4 c6 26. Bd3 Bxd3 27. Qxd3 f5 28.
gxf5 exf5 29. f4 Rad8 30. Rd1 Qe8 31. Qe2 Kh7 32. Nf3 Rg8 33. Rg1 Qf7 34. Bc1
Kh8 35. e6 Qh5 36. Qg2 Rd6 37. Re1 Ng6 38. Qg3 Re8 39. Ne5 Nxe5 40. dxe5 Rdxe6
41. Rg1 R8e7 42. Rc2 Kh7 43. Rcg2 g6 44. Kh2 Rg7 45. Qd3 Rd7 46. Qb3 Qh4 47.
Rd1 Rg7 48. Qf3 1/2-1/2

[Event "Monarch Assurance Isle of Man 13th"]
[Site "Port Erin IOM"]
[Date "2004.09.28"]
[Round "4.36"]
[White "Milligan, Helen"]
[Black "Spence, David J"]
[Result "1/2-1/2"]
[WhiteElo "2077"]
[BlackElo "2236"]
[PlyCount "144"]
[EventDate "2004.09.25"]
[EventType "swiss"]
[EventRounds "9"]
[EventCountry "IOM"]
[SourceTitle "BritBase"]
[SourceDate "2008.07.14"]
[SourceVersion "1"]
[SourceVersionDate "2008.07.14"]
[SourceQuality "2"]

1. e4 e6 2. d4 d5 3. Nc3 Bb4 4. e5 c5 5. a3 Ba5 6. b4 cxd4 7. Qg4 Ne7 8. bxa5
dxc3 9. Qxg7 Rg8 10. Qxh7 Nbc6 11. f4 Qxa5 12. Nf3 Bd7 13. Rb1 O-O-O 14. Qd3
Nf5 15. Rg1 Qa4 16. Rb3 Kb8 17. Kd1 d4 18. g4 Ne3+ 19. Bxe3 dxe3 20. Qxe3 Nd4
21. Nxd4 Bc6 22. Rxc3 Rxd4+ 23. Bd3 Rxf4 24. Qc5 Rfxg4 25. Rxg4 Qxg4+ 26. Be2
Qg1+ 27. Qxg1 Rxg1+ 28. Kd2 Rg2 29. Re3 Rxh2 30. Kc3 Kc7 31. Bd3 Kb6 32. Re1
Rf2 33. Kd4 Rf4+ 34. Kc3 Kc5 35. Rg1 Bb5 36. Rg8 Bxd3 37. cxd3 Kd5 38. Rb8 b6
39. Rb7 Ra4 40. Kb3 Ra5 41. Rxf7 Kxe5 42. Re7 Kd6 43. Rh7 e5 44. Kb4 Rd5 45.
Rh6+ Kc7 46. Kc4 Rc5+ 47. Kb4 Kb7 48. Re6 a5+ 49. Kb3 Rb5+ 50. Kc4 Ka6 51. Re8
Rc5+ 52. Kb3 Kb5 53. Re6 a4+ 54. Kb2 Ka6 55. Re8 Rb5+ 56. Ka2 Kb7 57. d4 exd4
58. Rd8 Rh5 59. Rxd4 Rh2+ 60. Ka1 b5 61. Rd6 Rc2 62. Rh6 Rc6 63. Rh5 Kb6 64.
Kb2 Rc5 65. Rh6+ Ka5 66. Rg6 Rh5 67. Rf6 Re5 68. Rh6 b4 69. axb4+ Kxb4 70. Rh4+
Ka5 71. Ka3 Kb5 72. Rb4+ Ka6 1/2-1/2

[Event "Monarch Assurance Isle of Man 13th"]
[Site "Port Erin IOM"]
[Date "2004.09.28"]
[Round "4.37"]
[White "Pym, Thomas"]
[Black "Smith, Andrew P"]
[Result "0-1"]
[WhiteElo "2059"]
[BlackElo "2205"]
[PlyCount "88"]
[EventDate "2004.09.25"]
[EventType "swiss"]
[EventRounds "9"]
[EventCountry "IOM"]
[SourceTitle "BritBase"]
[SourceDate "2008.07.14"]
[SourceVersion "1"]
[SourceVersionDate "2008.07.14"]
[SourceQuality "2"]

1. e4 e5 2. Nf3 d6 3. d4 Nd7 4. Bc4 Qf6 5. Nc3 c6 6. O-O h6 7. a4 Be7 8. b4 Bd8
9. Bb2 Ne7 10. dxe5 dxe5 11. Ne2 Bc7 12. Ne1 Qh4 13. f4 exf4 14. Nf3 Qg4 15. h3
Qg6 16. e5 Qe4 17. Qd3 Qxd3 18. cxd3 Nb6 19. Nxf4 Nxc4 20. dxc4 O-O 21. Rae1 a5
22. b5 cxb5 23. axb5 Rd8 24. Ba3 Ng6 25. Nxg6 fxg6 26. e6 Re8 27. Nd4 Bb6 28.
c5 Bd8 29. b6 Rb8 30. Rb1 Bf6 31. Nb3 a4 32. Nd2 Bxe6 33. Rb4 Bc3 34. Ne4 Bxb4
35. Bxb4 Bc4 36. Rf4 Bd5 37. Nd6 Rf8 38. Rd4 Bc6 39. Bc3 a3 40. Rg4 Kh7 41. h4
a2 42. Ba1 Ra8 43. Rg3 Rf4 44. Re3 Rb4 0-1

[Event "Monarch Assurance Isle of Man 13th"]
[Site "Port Erin IOM"]
[Date "2004.09.28"]
[Round "4.38"]
[White "Webster, Richard J"]
[Black "Grant, Alan"]
[Result "0-1"]
[WhiteElo "2008"]
[BlackElo "2193"]
[PlyCount "70"]
[EventDate "2004.09.25"]
[EventType "swiss"]
[EventRounds "9"]
[EventCountry "IOM"]
[SourceTitle "BritBase"]
[SourceDate "2008.07.14"]
[SourceVersion "1"]
[SourceVersionDate "2008.07.14"]
[SourceQuality "2"]

1. d4 e6 2. c4 f5 3. g3 Nf6 4. Bg2 Be7 5. Nc3 O-O 6. Nf3 d6 7. O-O Ne4 8. Qb3
Nxc3 9. Qxc3 a5 10. Bd2 Bf6 11. Rad1 Nc6 12. e3 e5 13. dxe5 dxe5 14. Bc1 Qe8
15. e4 fxe4 16. Nd2 Nd4 17. Kh1 Bg4 18. Rde1 Be2 19. Rg1 Bg5 20. Nxe4 Bxc1 21.
Qxc1 h6 22. c5 Qh5 23. g4 Bxg4 24. Ng3 Qh4 25. Re4 Rxf2 26. Nf5 Nxf5 27. Rxg4
Qh5 28. Qe1 Rf4 29. Rg6 Kh8 30. Bxb7 Rb8 31. Be4 Rxb2 32. R6g2 Rxe4 33. Rxb2
Qf3+ 34. Rbg2 Rxe1 35. Rxe1 Ne3 0-1